Movilidad ocupacional, familia y ciudad: una propuesta para el estudio de las migraciones en la Patagonia (Neuquén: 1960-1991) /

Gespeichert in:
Bibliographische Detailangaben
1. Verfasser: Perren, Joaquín
Format: Text
Tags: Tag hinzufügen
Keine Tags, Fügen Sie den ersten Tag hinzu!

MARC

LEADER 00000 a a2200000 04500
001 46700
003
040
090 |a REV1520 19(75) 2013  
100 |a Perren, Joaquín  
245 |a Movilidad ocupacional, familia y ciudad:   |b una propuesta para el estudio de las migraciones en la Patagonia (Neuquén: 1960-1991) /  |c Joaquín Perren  
773 |g volumen19, número75, (2013), páginas 93-135 : tablas, gráficos  
999 |c 36786  |d 36786